Elenca la formazione - Quiz n°195 - Statistics

Statistiche generali
  • Questo quiz è stato fatto 77 volte
  • Il punteggio medio è 9 su 11
Statistiche sulle risposte
Ruolo Nazione Calciatore % Corretto
Difensore Italia Alessandro Bastoni
100%
Portiere Slovenia Samir Handanovič
99%
Attaccante Argentina Lautaro Martínez
96%
Centrocampista Italia Nicolò Barella
96%
Difensore Paesi Bassi Stefan de Vrij
96%
Attaccante Belgio Romelu Lukaku
94%
Centrocampista Croazia Marcelo Brozović
93%
Difensore Uruguay Diego Godín
81%
Centrocampista Inghilterra Ashley Young
75%
Centrocampista Italia Danilo D'Ambrosio
57%
Centrocampista Italia Roberto Gagliardini
52%
Nessun quiz corrispondente trovato
Distribuzione punteggi
Percentuale di utenti per punteggio
Percentile per numero di risposta
I tuoi punteggi nel tempo
Non hai fatto questo quiz